000 01504cam a2200325 i 4500
003 SA-RiAUC
005 20250624125038.0
008 250622s2009 le a g b 00110dara c
020 _a9789953817514
040 _aSA-MaUQU
_bara
_cSA-RiAUC
_erda
082 0 4 _a227.2
_qSA-RiAUC
090 _a227.2
_bا و س
100 1 _aأوسالم، محمد النذير
_eمؤلف.
245 1 2 _aالاختيارات العلمية للعلامة محمد الطاهر بن عاشور من خلال تفسيره التحرير والتنوير /
_cمحمد النذير أوسالم.
250 _aالطبعة الأولى.
264 1 _aبيروت :
_bدار ابن حزم للطباعة والنشر والتوزيع،
_c2009
300 _a336 صفحة :
_bإيضاحيات ؛
_c24 سم
336 _aنص
_btxt
_2rdacontent
_3كتاب
337 _aبدون وسيط
_bn
_2rdamedia
338 _aمجلد
_bnc
_2rdacarrier
500 _aكشافات : صفحة 311-324.
504 _aيشتمل على إرجاعات ببليوجرافية.
504 _aببليوجرافية : صفحة 325-332.
600 1 7 _aبن عاشور، محمد الطاهر،
_d1296-1393 هجري
_xمساهمات في تفسير القرآن
_2aucnm
630 2 7 _aالقرآن
_xتفسير
_2aucut
700 1 2 _iشرح لـ :
_aبن عاشور، محمد الطاهر،
_d1296-1393 هجري
_tالتحرير والتنوير.
730 2 2 _aالقرآن
942 _2ddc
_cBOOK
_n0
949 _aSA-JeALM
_d250622
_umohamedma123
_n1
999 _c9150
_d9150